000 00735nam a2200289Ia 4500
005 20260324143550.0
008 008 260324s9999 xx 000 0 eng d
020 _a9781351127707
037 _aEBOOK
040 _aCRL
040 _beng
040 _cCRL
041 _2eng
041 _aeng
084 _qCRL
100 _a(Pier) Paolo Saviotti; Stan Metcalfe
_91216101
245 0 _aEvolutionary Theories of Economic and Technological Change
245 0 _bPresent Status and Future Prospects
260 _bTaylor and Francis
260 _c1991
365 _a
365 _b170
856 _uhttp://www.taylorfrancis.com/books/9781351127707
942 _cEBOOK
999 _c1821649
_d1821649